| 000 | 00415nam a22001691a 4500 | ||
|---|---|---|---|
| 020 |
_a9788120721326 _c0.00 |
||
| 040 | _aSSUS - Library - Kalady | ||
| 082 |
_a150 _bN98 |
||
| 100 | _aDanesh H B | ||
| 245 |
_aThe psychology of spirituality _h[Text] |
||
| 260 |
_aNew Delhi _bSterling _c1998 |
||
| 300 | _a270p. | ||
| 500 | _aDanesh | ||
| 600 | _aPsychology | ||
| 852 |
_9150.00 _r |
||
| 942 | _cBK | ||
| 999 |
_c36395 _d36395 |
||